|
|
|
|
| LEADER |
00674nab a2200181 i 4500 |
| 001 |
misc73498 |
| 005 |
20250526124821.0 |
| 008 |
250526s1958 hu o 000 eng d |
| 040 |
|
|
|a SZTE Miscellanea Repozitórium
|b hun
|
| 041 |
|
|
|a eng
|
| 100 |
2 |
|
|a Szent-Györgyi Albert
|
| 245 |
1 |
0 |
|a Muscle research
|h [elektronikus dokumentum] /
|c Szent-Györgyi Albert
|
| 260 |
|
|
|a American Association for the Advancement of Science
|b Washington, D.C.
|c 1958-09-26
|
| 300 |
|
|
|a 699-702
|
| 490 |
0 |
|
|a Science
|v 128 No. 3326
|
| 561 |
|
|
|a Szent-Györgyi Albert tudományos és egyéb írásai
|
| 695 |
|
|
|a Izom
|
| 856 |
4 |
0 |
|u http://misc.bibl.u-szeged.hu/73498/1/szgya_amerikai_112.pdf
|z Dokumentum-elérés
|